000 01056pab a2200157 454500
008 180718b2006 xxu||||| |||| 00| 0 eng d
100 _aSaxena, Arun
245 _aOrganizational learning research: a systematic review
260 _c2006
300 _ap.33-46.
362 _aJul
520 _aThe purpose of this paper is to ascertain the status of, and highlight the trends in, Organizational learning research. The EBSCO database is used to search articles and papers and these are then analyzed on a number of parameters. These include types of research methodology used, the purpose the papers serve, the areas covered by the papers, most frequently cited papers and most influential authors. The paper extends the work of Crossan and Guatto (1996). It furnishes information that fulfills the `information need' of researchers, and provides a starting point for those entering organiztional learning (OL) research for the first time. - Reproduced.
650 _aOrganizations
773 _aICFAI Journal of Organizational Behavior
909 _a70580
999 _c70580
_d70580